000 00452nam a22001577a 4500
005 20251119091557.0
008 251119b |||||||| |||| 00| 0 eng d
020 _a9798887153049
050 _aSB 741.P38 2024
100 _aPAUL SARA L.
245 _aDISEASES OF VEGETABLE CROPS
_bIDENTIFICATION,DIAGNOSIS AND TREATMENT
260 _aUNITED STATES OF AMERICA
_bOYRSON PRESS
_c2024
300 _aX,304
500 _aINCLUDES INDEX
942 _2lcc
_cBK
999 _c216206
_d216206